[Event "43rd Guernsey Festival 2017"]
[Site "Vale"]
[Date "2017.10.17"]
[Round "3"]
[White "Van den Boogaart, Jan Maarten"]
[Black "Whatley, Stephen A J"]
[Result "0-1"]
[WhiteElo "1991"]
[BlackElo "2159"]
[Annotator "TA"]
[PlyCount "64"]
[EventDate "2017.??.??"]
[EventType "swiss"]
[EventCountry "GCI"]
[SourceTitle "playchess.com"]
[Source "ChessBase"]
[SourceQuality "1"]

{[%evp 13,64,24,33,15,24,15,31,31,86,70,93,104,105,97,94,72,72,66,208,115,97,101,108,50,60,40,40,23,49,61,121,131,152,161,158,107,105,120,125,116,191,189,187,181,185,122,116,29,29,-29990,-29991,-29991,-29992]} 1. d4 f5 2. c4 Nf6 3. Nc3 d6 4. Nf3 g6 5. g3 Bg7 6. Bg2 c6 7. O-O O-O 8. e3 {A88: Dutch Defence: Leningrad System: 5 Nf3 0-0 6 0-0 d6 7 Nc3 c6} (8. d5 Qe8 9. e4 fxe4 10. Ng5 Bg4 11. Qb3 Nbd7 12. Ncxe4 Nxe4 13. Nxe4 Rb8 14. Re1 Qf7 15. Be3 c5 16. f3 Bf5 17. Ng5 Qf6 18. g4 {½-½ (50) Kravtsiv,M (2665)-Kovalenko,I (2640) Tbilisi 2017}) 8... Na6 9. Rb1 Qe8 10. b4 $146 {White is slightly better.} ({Predecessor:} 10. a3 e5 11. b4 e4 12. Ng5 h6 13. Nh3 Nc7 14. Bd2 Be6 15. c5 Bc4 {0-1 (64) Westerman,M-Moernaut,E Hengelo 2004}) 10... h6 (10... Nc7 $14) 11. b5 $16 Nc7 12. bxc6 bxc6 13. Ba3 g5 14. Nd2 f4 15. Qa4 (15. Qe2 {is more complex.} fxe3 16. fxe3 Bd7 17. Rb7 Qc8 18. Rfb1) 15... d5 (15... Bd7 $14) 16. cxd5 (16. gxf4 $6 gxf4 17. e4 (17. exf4 Qg6 $16) 17... dxe4 $14) ({White should play} 16. exf4 $18 {Black must now prevent Rfe1.} gxf4 17. Rfe1 (17. gxf4 Nh5 $14)) 16... Ncxd5 17. Nxd5 cxd5 18. Qxe8 (18. Qb3 $16 fxe3 19. Bxd5+ (19. Qxe3 Rf7 $16) (19. fxe3 Be6 $16) 19... Nxd5 20. Qxd5+ Qf7 21. Qxf7+ (21. Qxa8 exd2 22. Bc5 Bh3 $17) 21... Rxf7 22. fxe3) 18... Rxe8 $14 19. gxf4 gxf4 20. e4 Ba6 21. Rfe1 {Hoping for e5.} Rad8 ({Black should try} 21... dxe4 $14 22. Nxe4 Nxe4 23. Bxe4 Rab8) 22. e5 $16 Ne4 23. Nxe4 dxe4 24. Bxe4 (24. Bc5 $142) 24... Rxd4 25. Bg6 Rc8 26. Bxe7 f3 (26... Rd7 $16 {is a better defense.} 27. Bf6 Rdc7) 27. h3 $18 Be2 28. Bd6 Bf8 {[#]} 29. Bxf8 (29. Bf5 $1 $18 {[%cal Rf5c8]} Re8 30. Rb8) 29... Kxf8 $16 30. e6 ({Better is} 30. Rb7 $16 {aiming for e6.} Rd5 31. Rf7+ (31. Rxa7 Rxe5 32. Rf7+ Kg8 $16) 31... Kg8 32. Re7 (32. Rxa7 Rxe5 33. Kh1 Rec5 $16)) 30... Rc5 $11 {Strongly threatening ...Rg5+.} 31. Bf7 $2 {[%mdl 8192]} (31. Kh2 $11 Ke7 32. Rb7+ Kxe6 33. Bf7+ (33. Rxa7 Rg5 $11) 33... Kf6 34. Be8 (34. Rxa7 Rg5 $17)) 31... Rg5+ 32. Kh1 {[#]} Rh4 $1 {Precision: White = 35%, Black = 46%.} 0-1

[Event "43rd Guernsey Festival 2017"]
[Site "Vale"]
[Date "2017.10.17"]
[Round "3"]
[White "Munshi, Aditya"]
[Black "Johnsen, Gunnar"]
[Result "0-1"]
[WhiteElo "1986"]
[BlackElo "2178"]
[Annotator "TA"]
[PlyCount "46"]
[EventDate "2017.??.??"]
[EventType "swiss"]
[EventCountry "GCI"]
[SourceTitle "playchess.com"]
[Source "ChessBase"]
[SourceQuality "1"]

{[%evp 17,46,30,45,45,40,40,38,6,16,0,0,7,0,-38,0,-66,10,-88,-117,-631,-630,-1526,-1525,-1456,-1176,-1239,-1195,-1580,-882,-1650,-959]} 1. e4 e6 2. d4 d5 3. Nd2 Nc6 4. Ngf3 Nf6 5. e5 Nd7 6. Bd3 Nb4 7. Be2 c5 8. c3 Nc6 9. O-O g6 {LiveBook: 4 Games. C04: French Tarrasch: 3...Nc6} (9... a5 10. a4 Be7 11. Nb1 O-O 12. Na3 cxd4 13. cxd4 f6 14. exf6 Nxf6 15. Nb5 Bd7 16. Re1 Ne4 17. Bd3 {1-0 (25) Nisipeanu,L (2687)-Richter,M (2505) Germany 2016}) 10. Re1 Bg7 11. Nf1 O-O {White is slightly better.} 12. h4 cxd4 13. cxd4 f6 14. exf6 Nxf6 {[%cal Bd7f6,Bf6g4,Bg4f2,Bf2e4,Be4g3][%mdl 32]} 15. Bd3 $146 ({Predecessor:} 15. Bb5 Qb6 16. Bxc6 bxc6 17. Ng3 {1-0 (52) Beer,M (2024)-Kern,G (2375) Dortmund 2010}) 15... Qb6 16. Bc2 (16. N1h2 $11) 16... Bd7 (16... Ng4 $15 17. Ne3 {[#]} Nxf2 $1 {[%mdl 512]} 18. Kxf2 Nxd4) 17. Ng3 (17. N1h2 $11) 17... Ng4 $36 {[%mdl 2048] Keeping White busy.} 18. h5 $2 {[%mdl 8192]} (18. Be3 $17) 18... Bxd4 $19 {Black is clearly winning.} 19. Ng5 Nxf2 20. Qe2 Ne4+ 21. Kh2 Nxg3 22. Qg4 Qc7 {[#] ( -> ...Nf1+)} 23. Kh3 gxh5 {Precision: White = 17%, Black = 67%.} 0-1

[Event "43rd Guernsey Festival 2017"]
[Site "Vale"]
[Date "2017.10.17"]
[Round "3"]
[White "Dijksterhuis, Rolf"]
[Black "Heppell, Ian N"]
[Result "1/2-1/2"]
[WhiteElo "1955"]
[BlackElo "2034"]
[Annotator "NA RC"]
[PlyCount "54"]
[EventDate "2017.??.??"]
[EventType "swiss"]
[EventCountry "GCI"]
[SourceTitle "playchess.com"]
[Source "ChessBase"]
[SourceQuality "1"]
[TimeControl "40/6000+30:2400+30"]

{[%evp 9,54,34,42,32,30,26,33,13,24,34,15,-28,-2,0,0,0,37,9,19,-104,-110,-147,-162,-167,-170,-183,-229,-233,-68,-91,-56,0,-17,-23,279,299,301,325,319,335,458,430,401,344,488,-29998,-29999]} 1. e4 {[%emt 0:00:00]} e5 {[%emt 0:00:04]} 2. Nf3 {[%emt 0:00:00]} d6 {[%emt 0:00:04]} 3. d4 {[%emt 0:00:09]} exd4 {[%emt 0:00:05]} 4. Nxd4 {[%emt 0:00:12]} Nf6 {[%emt 0:00:06]} 5. Nc3 {[%emt 0:00:25]} Be7 {[%emt 0:00:05]} 6. Be2 {[%emt 0:04:44]} O-O {[%emt 0:03:36]} 7. O-O {[%emt 0:00:15]} Re8 {[%emt 0:00:26]} 8. f4 {[%emt 0:04:02]} Bf8 {[%emt 0:02:14]} 9. Bf3 {[%emt 0:00:12] LiveBook: 211 Games} c5 {[%emt 0:00:11]} 10. Nf5 {[%emt 0:02:01] C41: Philidor Defence} (10. Nde2 Nc6 11. f5 Ne5 12. Nf4 Bd7 13. Nfd5 Nxd5 14. Nxd5 Bc6 15. Bf4 b5 16. b3 a5 17. Qd2 a4 {1-0 (40) Sokolov,A (2520)-Naiditsch,A (2720) Montpellier 2015}) 10... Bxf5 {[%emt 0:00:09]} 11. exf5 {[%emt 0:00:20]} Nc6 {[%emt 0:00:09]} 12. g4 {[%emt 0:05:14]} Nd4 $146 {[%emt 0:14:33]} ({Predecessor:} 12... d5 13. g5 d4 14. gxf6 dxc3 15. Qxd8 Raxd8 16. bxc3 c4 17. fxg7 Bc5+ 18. Kg2 Kxg7 19. a4 Kf6 20. a5 {½-½ (20) Colonna,M (2150)-Dicicco,D (2024) Grosseto 2009}) 13. Bxb7 {[%emt 0:02:53]} Rb8 {[%emt 0:00:06]} 14. Ba6 {[%emt 0:13:54]} (14. Bg2 $11) 14... d5 {[%emt 0:05:49]} 15. Ne2 {[%emt 0:14:59]} Qb6 {[%emt 0:03:21]} 16. Nxd4 {[%emt 0:21:32]} Qxa6 {[%emt 0:03:37]} 17. Nb3 {[%emt 0:10:15]} Re2 {[%emt 0:20:42]} 18. g5 {[%emt 0:01:26]} Ng4 {[%emt 0:00:38]} ({Better is} 18... Rbe8 $19 19. Bd2 (19. gxf6 $2 Qxf6 20. Qd3 c4 $19) 19... Ng4) 19. h3 {[%emt 0:03:22]} Nh2 {[%emt 0:02:40]} 20. Rf2 {[%emt 0:01:08]} Rbe8 {[%emt 0:00:27]} 21. Bd2 $1 {[%emt 0:02:07]} Qc4 $2 {[%emt 0:06:06]} (21... Rxf2 $15 {keeps the upper hand.} 22. Kxf2 Bd6) 22. Rxh2 {[%emt 0:03:39]} Rxh2 {[%emt 0:00:54]} 23. Kxh2 {[%emt 0:00:11]} Re2+ {[%emt 0:00:04]} 24. Kg3 {[%emt 0:04:02]} Bd6 {[%emt 0:03:29]} 25. Qf1 {[%emt 0:00:34]} Qe4 {[%emt 0:03:55]} 26. Qf3 {[%emt 0:03:33]} Qe7 {[%emt 0:00:33]} (26... c4 $142) 27. Qxd5 {[%emt 0:01:39]} (27. f6 $18 Qe6 28. Rd1) 27... Qxg5+ $1 {[%emt 0:00:12]} 1/2-1/2

[Event "43rd Guernsey Festival 2017"]
[Site "Vale"]
[Date "2017.10.17"]
[Round "3"]
[White "Ingham, H William"]
[Black "Rosen, Daniel B"]
[Result "0-1"]
[WhiteElo "1817"]
[BlackElo "2042"]
[Annotator "NA RC"]
[PlyCount "66"]
[EventDate "2017.??.??"]
[EventType "swiss"]
[EventCountry "GCI"]
[SourceTitle "playchess.com"]
[Source "ChessBase"]
[SourceQuality "1"]
[TimeControl "40/6000+30:2400+30"]

{[%evp 8,66,35,27,37,6,16,0,27,11,24,5,4,-25,-2,-27,18,0,18,22,29,33,34,14,16,-22,-16,-18,-11,-29,14,-189,-1,-81,-16,-223,-220,-236,-243,-272,-241,-298,-233,-320,-355,-341,-368,-885,-991,-4054,-29986,-4272,-29986,-29989,-29990,-29990,-2239,-2095,32767,32767,0]} 1. d4 {[%emt 0:00:00]} f5 {[%emt 0:00:11]} 2. Nf3 {[%emt 0:00:00]} Nf6 {[%emt 0:00:15]} 3. Bg5 {[%emt 0:00:05]} e6 {[%emt 0:01:45]} 4. Nbd2 {[%emt 0:00:07]} d5 {[%emt 0:00:38]} 5. e3 {[%emt 0:00:06] LiveBook: 80 Games} Bd6 {[%emt 0:01:09]} 6. c3 {[%emt 0:01:11] A80: Dutch Defence: Unusual White second moves} (6. c4 c6 7. Be2 O-O 8. O-O Nbd7 9. Qc2 Qe7 10. cxd5 cxd5 11. Rac1 Nb6 12. Bf4 Bxf4 13. exf4 Bd7 14. Qc5 Nc8 15. Ne5 Nd6 16. Qa3 Rfc8 {0-1 (54) Dubov,D (2629)-Mamedyarov,S (2757) Doha 2014}) 6... O-O {[%emt 0:00:14]} 7. Bd3 {[%emt 0:00:00]} Nbd7 {[%emt 0:13:51]} 8. Qe2 {[%emt 0:01:24]} c6 $146 {[%emt 0:04:23]} ({Predecessor:} 8... Qe8 9. O-O Ne4 10. Rfe1 Nxg5 11. Nxg5 Rf6 12. f4 h5 13. Rf1 Rh6 14. Ndf3 Be7 15. h4 Nf6 16. Qe1 Ng4 17. Rc1 {½-½ (17) Storme,S-Hollinger,R Bratislava 1993}) 9. h3 {[%emt 0:00:11]} Qe8 {[%emt 0:01:59]} 10. Rg1 {[%emt 0:00:51]} Ne4 {[%emt 0:03:47]} 11. g4 {[%emt 0:06:34]} e5 {[%emt 0:01:56]} 12. gxf5 {[%emt 0:01:24]} Nxd2 $1 {[%emt 0:05:24]} 13. Nxd2 {[%emt 0:00:19]} e4 {[%emt 0:00:11]} 14. Bc2 {[%emt 0:00:14]} Rxf5 {[%emt 0:01:17]} 15. O-O-O {[%emt 0:01:16]} Nf6 {[%emt 0:05:27]} 16. Qf1 {[%emt 0:13:10]} Nh5 {[%emt 0:05:20]} 17. f4 {[%emt 0:02:14]} Be6 {[%emt 0:03:55]} 18. Qf2 {[%emt 0:10:09]} Qf7 {[%emt 0:11:41]} (18... Rf7 $15) 19. Nf1 $2 {[%emt 0:08:36] [#]} (19. Rdf1 $11 {and White is okay.}) 19... b5 $2 {[%emt 0:01:32]} ({Better is} 19... Rxg5 $1 $19 {[%mdl 512]} 20. Rxg5 {[#]} (20. fxg5 Qxf2) 20... Nxf4 $1 {[%mdl 512]}) 20. Nh2 {[%emt 0:01:35] [#]} (20. Kb1 $11) 20... Kh8 {[%emt 0:06:28]} (20... Rxg5 $1 $17 {[%mdl 512]} 21. Rxg5 (21. fxg5 Qxf2) 21... Nxf4) 21. Rdf1 $2 {[%emt 0:02:27] [#]} (21. Ng4 $11 {and White stays safe.}) 21... h6 $1 {[%emt 0:02:59]} 22. h4 {[%emt 0:22:13]} hxg5 {[%emt 0:19:08]} 23. hxg5 {[%emt 0:00:30]} g6 {[%emt 0:00:10]} 24. Qh4 {[%emt 0:01:37]} Kg7 {[%emt 0:00:16]} 25. Ng4 {[%emt 0:04:52] [#]} Bxf4 $1 {[%emt 0:02:42]} 26. exf4 {[%emt 0:07:19]} Rxf4 {[%emt 0:00:10]} 27. Rf2 $2 {[%emt 0:05:57]} (27. Re1 Bxg4 28. Rxg4) 27... Bxg4 {[%emt 0:01:25]} 28. Qh2 {[%emt 0:08:05]} Rxf2 {[%emt 0:01:00]} 29. Qe5+ {[%emt 0:00:15]} Kh7 {[%emt 0:00:26]} 30. Rxg4 {[%emt 0:00:28]} Rf1+ {[%emt 0:01:44]} 31. Bd1 {[%emt 0:00:13]} Rxd1+ {[%emt 0:00:29]} (31... Qf3 $142 32. Qe7+ Ng7 33. Rh4+ Kg8 34. Qf7+ Kxf7 35. Rf4+ Qxf4+ 36. Kc2 Qh2+ 37. Kb3 Rxd1 38. a3 Qe2 39. a4 bxa4+ 40. Kxa4 Ra1+ 41. Kb4 Qc4#) 32. Kxd1 Qf3+ 33. Kc1 Qf7 $11 (33... Qxg4 $19 34. Qc7+ Ng7 35. Qh2+ Kg8) 0-1

[Event "43rd Guernsey Festival 2017"]
[Site "Vale"]
[Date "2017.10.17"]
[Round "3"]
[White "Turner, David J"]
[Black "Kearsley, Raymond J"]
[Result "0-1"]
[WhiteElo "1774"]
[BlackElo "1724"]
[Annotator "NA RC"]
[PlyCount "70"]
[EventDate "2017.??.??"]
[EventType "swiss"]
[EventCountry "GCI"]
[SourceTitle "playchess.com"]
[Source "ChessBase"]
[SourceQuality "1"]
[TimeControl "40/6000+30:2400+30"]

1. e4 {[%emt 0:00:00]} c5 {[%emt 0:00:06]} 2. Nf3 {[%emt 0:00:00]} g6 {[%emt 0:00:10]} 3. g3 {[%emt 0:00:23]} Bg7 {[%emt 0:00:39]} 4. Bg2 {[%emt 0:00:07]} Nc6 {[%emt 0:00:14]} 5. O-O {[%emt 0:00:19]} d6 {[%emt 0:00:57]} 6. Re1 {[%emt 0:02:00]} Nf6 {[%emt 0:00:32]} 7. d3 {[%emt 0:01:41]} O-O {[%emt 0:02:46]} 8. Nbd2 {[%emt 0:00:56]} e5 {[%emt 0:03:03]} 9. a4 Nh5 {[%emt 0:01:25]} 10. Nc4 {[%emt 0:04:17]} h6 {[%emt 0:04:05]} 11. Rb1 {[%emt 0:05:41]} Kh7 {[%emt 0:02:20]} 12. Ne3 {[%emt 0:04:42]} Be6 {[%emt 0:02:27]} 13. Nd2 {[%emt 0:09:51]} Qd7 {[%emt 0:02:29]} 14. Ndc4 {[%emt 0:01:16]} Nf6 {[%emt 0:04:26]} 15. c3 {[%emt 0:01:21]} Ne7 {[%emt 0:01:10]} 16. b4 {[%emt 0:07:08]} Rfd8 {[%emt 0:03:53]} 17. bxc5 {[%emt 0:02:56]} dxc5 {[%emt 0:00:19]} 18. Nxe5 {[%emt 0:00:47]} Qc7 {[%emt 0:00:51]} 19. d4 {[%emt 0:09:18]} cxd4 {[%emt 0:06:46]} 20. cxd4 {[%emt 0:00:15]} Rab8 {[%emt 0:02:51]} 21. Bb2 {[%emt 0:05:57]} Nc6 {[%emt 0:00:56]} 22. Nxc6 {[%emt 0:12:42]} bxc6 {[%emt 0:08:00]} 23. Qc1 {[%emt 0:09:56]} Qa5 {[%emt 0:06:13]} 24. Ra1 {[%emt 0:03:56]} Rb3 {[%emt 0:02:25]} 25. Rd1 {[%emt 0:11:18]} Rdb8 {[%emt 0:11:31]} 26. Ba3 {[%emt 0:01:39]} Rc3 {[%emt 0:00:35]} 27. Qd2 {[%emt 0:01:04]} Rbb3 {[%emt 0:02:50]} 28. Bc5 {[%emt 0:03:02]} Nd7 {[%emt 0:00:43]} 29. Rac1 Nxc5 30. dxc5 {[%emt 0:02:43]} Qxc5 {[%emt 0:00:49]} 31. Rxc3 {[%emt 0:02:13]} Rxc3 {[%emt 0:01:37]} 32. Rb1 {[%emt 0:01:19]} Bb3 {[%emt 0:02:17]} 33. Nd1 {[%emt 0:02:04]} Bxd1 {[%emt 0:00:39]} 34. Qxd1 {[%emt 0:01:24]} Rc2 {[%emt 0:00:23]} 35. Qf3 {[%emt 0:00:44]} Rxf2 {[%emt 0:07:46]} 0-1

[Event "43rd Guernsey Festival 2017"]
[Site "Vale"]
[Date "2017.10.17"]
[Round "3"]
[White "Goris-Schouwstra, Adry"]
[Black "Stuart, Brian"]
[Result "1-0"]
[WhiteElo "1754"]
[BlackElo "1654"]
[Annotator "NA RC"]
[PlyCount "57"]
[EventDate "2017.??.??"]
[EventType "swiss"]
[EventCountry "GCI"]
[SourceTitle "playchess.com"]
[Source "ChessBase"]
[SourceQuality "1"]
[TimeControl "40/6000+30:2400+30"]

1. d4 {[%emt 0:00:00]} Nf6 {[%emt 0:00:05]} 2. c4 {[%emt 0:00:00]} g6 {[%emt 0:00:12]} 3. Nc3 {[%emt 0:00:03]} d5 {[%emt 0:00:15]} 4. e3 {[%emt 0:02:21]} Bg7 {[%emt 0:03:21]} 5. Nf3 {[%emt 0:00:29]} O-O {[%emt 0:00:51]} 6. Be2 {[%emt 0:00:11]} dxc4 {[%emt 0:05:47]} 7. Bxc4 {[%emt 0:00:26]} c5 {[%emt 0:02:40]} 8. d5 {[%emt 0:03:44]} a6 {[%emt 0:04:00]} 9. a4 {[%emt 0:00:23]} b6 {[%emt 0:02:36]} 10. O-O {[%emt 0:00:50]} Qc7 {[%emt 0:06:46]} 11. e4 {[%emt 0:01:39]} Rd8 {[%emt 0:05:29]} 12. Qe2 {[%emt 0:02:23]} Bg4 {[%emt 0:15:05]} 13. h3 {[%emt 0:03:38]} Bxf3 {[%emt 0:00:54]} 14. Qxf3 {[%emt 0:00:25]} Ne8 {[%emt 0:00:46]} 15. Bf4 {[%emt 0:06:42]} Nd6 {[%emt 0:02:45]} 16. Be2 {[%emt 0:07:27]} Nd7 {[%emt 0:11:06]} 17. Bh2 {[%emt 0:04:11]} Be5 {[%emt 0:03:00]} 18. Bxe5 {[%emt 0:02:45]} Nxe5 {[%emt 0:00:08]} 19. Qg3 {[%emt 0:00:45]} Nd7 {[%emt 0:01:03]} 20. f4 {[%emt 0:09:17]} Ne8 {[%emt 0:04:34]} 21. e5 {[%emt 0:01:35]} Ng7 {[%emt 0:05:14]} 22. Bg4 {[%emt 0:05:47]} Rf8 {[%emt 0:04:42]} 23. Rad1 {[%emt 0:04:21]} f5 {[%emt 0:04:30]} 24. d6 {[%emt 0:02:41]} exd6 {[%emt 0:08:34]} 25. exd6 {[%emt 0:02:10]} Qd8 {[%emt 0:02:48]} 26. Bf3 {[%emt 0:00:47]} Ra7 {[%emt 0:02:04]} 27. Nd5 {[%emt 0:03:29]} Ne8 {[%emt 0:02:05]} 28. Ne7+ {[%emt 0:00:29]} Kh8 {[%emt 0:00:13]} 29. Nc6 {[%emt 0:00:11]} 1-0

[Event "43rd Guernsey Festival 2017"]
[Site "Vale"]
[Date "2017.10.17"]
[Round "3"]
[White "O`connell, Denis"]
[Black "Jongerius, Marc"]
[Result "1/2-1/2"]
[WhiteElo "1722"]
[BlackElo "1588"]
[Annotator "NA RC"]
[PlyCount "130"]
[EventDate "2017.??.??"]
[EventType "swiss"]
[EventCountry "GCI"]
[SourceTitle "playchess.com"]
[Source "ChessBase"]
[SourceQuality "1"]
[TimeControl "40/6000+30:2400+30"]

1. e4 {[%emt 0:01:44]} e5 {[%emt 0:00:16]} 2. d4 {[%emt 0:00:26]} exd4 {[%emt 0:00:11]} 3. c3 {[%emt 0:00:27]} d5 {[%emt 0:00:22]} 4. Qxd4 {[%emt 0:00:16]} dxe4 {[%emt 0:00:13]} 5. Qxe4+ {[%emt 0:00:12]} Be7 {[%emt 0:00:14]} 6. Bg5 {[%emt 0:03:43]} Nd7 {[%emt 0:00:37]} 7. Bxe7 {[%emt 0:01:06]} Qxe7 {[%emt 0:09:47]} 8. Nd2 {[%emt 0:03:19]} Ndf6 {[%emt 0:10:05]} 9. Qxe7+ {[%emt 0:02:18]} Nxe7 {[%emt 0:00:10]} 10. Ngf3 {[%emt 0:02:23]} Bf5 {[%emt 0:06:38]} 11. Bc4 {[%emt 0:01:48]} O-O {[%emt 0:05:44]} 12. O-O {[%emt 0:00:30]} Rad8 {[%emt 0:01:53]} 13. Rfe1 {[%emt 0:01:48]} Nc6 {[%emt 0:07:13]} 14. Bb5 {[%emt 0:03:51]} Nb8 {[%emt 0:06:27]} 15. Re7 {[%emt 0:01:46]} Nd5 {[%emt 0:04:58]} 16. Re5 {[%emt 0:01:10]} Bg6 {[%emt 0:03:25]} 17. Rae1 {[%emt 0:01:49]} f6 {[%emt 0:02:31]} 18. Rxd5 {[%emt 0:03:21]} Rxd5 {[%emt 0:01:06]} 19. Bc4 {[%emt 0:00:11]} Bf7 {[%emt 0:02:07]} 20. Bxd5 {[%emt 0:03:40]} Bxd5 {[%emt 0:01:33]} 21. c4 {[%emt 0:00:13]} Bxf3 {[%emt 0:01:41]} 22. Nxf3 {[%emt 0:01:22]} Nc6 {[%emt 0:03:55]} 23. Kf1 {[%emt 0:03:28]} Kf7 {[%emt 0:01:17]} 24. Rd1 {[%emt 0:00:43]} Rd8 {[%emt 0:09:13]} 25. Rxd8 {[%emt 0:00:39]} Nxd8 {[%emt 0:00:08]} 26. Nd4 {[%emt 0:00:12]} c6 {[%emt 0:01:52]} 27. Ke2 {[%emt 0:00:10]} Ne6 {[%emt 0:00:23]} 28. Nf3 {[%emt 0:00:53]} c5 {[%emt 0:01:41]} 29. Ke3 {[%emt 0:00:24]} Ke7 {[%emt 0:05:20]} 30. Ke4 {[%emt 0:00:28]} Kd6 {[%emt 0:02:11]} 31. g4 {[%emt 0:02:19]} g6 {[%emt 0:02:01]} 32. h4 {[%emt 0:00:16]} b6 {[%emt 0:02:51]} 33. Nd2 {[%emt 0:00:25]} Nd4 {[%emt 0:01:46]} 34. f4 {[%emt 0:00:47]} f5+ 35. gxf5 {[%emt 0:00:44]} Nxf5 {[%emt 0:03:57]} 36. Nf3 {[%emt 0:00:24]} h6 {[%emt 0:03:05]} 37. b3 {[%emt 0:01:29]} Ke6 {[%emt 0:01:30]} 38. a3 {[%emt 0:00:38]} a5 {[%emt 0:00:56]} 39. a4 {[%emt 0:00:58]} Ng3+ {[%emt 0:00:37]} 40. Ke3 {[%emt 0:01:59]} Kf5 {[%emt 0:41:45]} 41. Ne5 {[%emt 0:41:04]} Nh5 {[%emt 0:07:25]} 42. Nd3 {[%emt 0:05:52]} Kg4 {[%emt 0:00:00]} 43. Ne5+ {[%emt 0:00:00]} Kf5 {[%emt 0:00:00]} 44. Nf7 {[%emt 0:00:00]} Kg4 {[%emt 0:00:00]} 45. Nxh6+ {[%emt 0:00:00]} Kxh4 {[%emt 0:00:00]} 46. Ke4 {[%emt 0:00:00]} Ng3+ {[%emt 0:00:00]} 47. Ke5 {[%emt 0:00:00]} Ne2 {[%emt 0:00:00]} 48. Nf7 {[%emt 0:00:00]} Kg4 {[%emt 0:00:00]} 49. f5 {[%emt 0:00:00]} gxf5 {[%emt 0:00:00]} 50. Nh6+ {[%emt 0:00:00]} Kf3 {[%emt 0:00:00]} 51. Nxf5 {[%emt 0:00:00]} Nc1 {[%emt 0:00:00]} 52. Kd5 {[%emt 0:00:00]} Nxb3 {[%emt 0:00:00]} 53. Nd6 {[%emt 0:00:00]} Ke3 {[%emt 0:00:00]} 54. Nc8 {[%emt 0:00:00]} Kd3 {[%emt 0:00:00]} 55. Nxb6 {[%emt 0:00:00]} Kc3 {[%emt 0:00:00]} 56. Kc6 {[%emt 0:00:00]} Kb4 {[%emt 0:00:00]} 57. Kd5 {[%emt 0:00:00]} Nd2 {[%emt 0:00:00]} 58. Nd7 {[%emt 0:00:00]} Nxc4 {[%emt 0:00:00]} 59. Nxc5 {[%emt 0:00:00]} Nb6+ {[%emt 0:00:00]} 60. Kd4 {[%emt 0:00:28]} Nxa4 {[%emt 0:00:00]} 61. Nxa4 {[%emt 0:00:07]} Kxa4 {[%emt 0:00:00]} 62. Kc4 {[%emt 0:00:27]} Ka3 {[%emt 0:00:00]} 63. Kc3 {[%emt 0:00:07]} a4 {[%emt 0:00:00]} 64. Kc2 {[%emt 0:00:27]} Ka2 {[%emt 0:00:00]} 65. Kc1 {[%emt 0:00:19]} Ka3 1/2-1/2

[Event "43rd Guernsey Festival 2017"]
[Site "Vale"]
[Date "2017.10.17"]
[Round "3"]
[White "Finch, Russell"]
[Black "Baart, Edwin"]
[Result "1/2-1/2"]
[WhiteElo "1689"]
[BlackElo "1816"]
[Annotator "NA RC"]
[PlyCount "34"]
[EventDate "2017.??.??"]
[EventType "swiss"]
[EventCountry "GCI"]
[SourceTitle "playchess.com"]
[Source "ChessBase"]
[SourceQuality "1"]
[TimeControl "40/6000+30:2400+30"]

{[%evp 9,34,9,9,11,22,-3,28,-15,33,29,50,31,33,21,30,0,4,-11,-2,-12,13,0,44,0,0,0,47]} 1. d4 {[%emt 0:00:00]} Nf6 {[%emt 0:00:20]} 2. Nf3 {[%emt 0:00:00]} d5 {[%emt 0:00:09]} 3. Bf4 {[%emt 0:00:16]} c5 {[%emt 0:00:42]} 4. e3 {[%emt 0:00:14]} Bg4 {[%emt 0:00:11]} 5. Be2 {[%emt 0:01:48]} e6 {[%emt 0:00:39]} 6. Nbd2 {[%emt 0:00:49]} Nbd7 {[%emt 0:01:24]} 7. c3 {[%emt 0:00:34]} Qb6 {[%emt 0:00:30]} 8. Qb3 {[%emt 0:03:16]} Be7 {[%emt 0:03:33]} (8... c4 $5 {[%cal Rc4b3]} 9. Qxb6 axb6 $11) 9. Qxb6 {[%emt 0:01:47]} Nxb6 {[%emt 0:02:11]} 10. h3 {[%emt 0:04:09]} Bxf3 {[%emt 0:00:32]} 11. Nxf3 {[%emt 0:01:46]} O-O {[%emt 0:00:33]} 12. O-O {[%emt 0:01:07]} Rac8 {[%emt 0:00:46]} 13. Rfc1 {[%emt 0:04:21]} Ne4 {[%emt 0:05:14]} 14. Bd3 {[%emt 0:05:50]} g5 {[%emt 0:09:00]} 15. Bh2 {[%emt 0:06:14]} Nd7 {[%emt 0:04:32]} 16. Bb5 {[%emt 0:08:36]} Nb6 {[%emt 0:08:39]} 17. Bd3 {[%emt 0:04:57]} Nd7 $14 {[%emt 0:01:53]} 1/2-1/2

[Event "43rd Guernsey Festival 2017"]
[Site "Vale"]
[Date "2017.10.17"]
[Round "3"]
[White "Ruigrok, Jacques"]
[Black "Kershaw, Graham"]
[Result "1/2-1/2"]
[WhiteElo "1679"]
[BlackElo "1712"]
[Annotator "NA RC"]
[PlyCount "37"]
[EventDate "2017.??.??"]
[EventType "swiss"]
[EventCountry "GCI"]
[SourceTitle "playchess.com"]
[Source "ChessBase"]
[SourceQuality "1"]
[TimeControl "40/6000+30:2400+30"]

1. e4 e6 2. d4 d5 3. e5 c5 4. c3 Nc6 5. Nf3 Qb6 6. Bd3 cxd4 7. cxd4 Bd7 8. Nc3 Nxd4 9. Nxd4 Qxd4 10. Qe2 Qb6 11. O-O Ne7 12. Kh1 d4 13. Ne4 Nd5 14. a3 Be7 15. Ng5 Qd8 16. Ne4 a5 17. Qg4 Kf8 18. Ng5 h6 19. Nf3 1/2-1/2